000 00783nam a2200217 a 4500
001 58300
003 BD-RjUL
005 20211209080615.0
008 161217s1950 ii ||||| |||| 00| 0 ben d
035 _a(BD-RjUL)58424
040 _aBD-RjUL
_bben
_cBD-RjUL
041 _aben
082 _223
_a323
_bLAB 1950
100 _aলাহিড়ী, সুবোধ কুমার
_9173167
245 1 0 _aবিপ্লবের পথে /
_cসুবোধ কুমার লাহিড়ী
260 _aকলিকাতা :
_bবেঙ্গল পাবলিশার্স,
_c১৯৫০
300 _a১১০ পৃ. ;
_c১৯ সেমি.
650 _aরাজনৈতিক অধিকার
_9170337
650 _aPolitical Right
_9173168
942 _2ddc
_cBK
999 _c58300
_d58300